Top 20 JetPunk Quiz Makers - Statistics

General Stats
  • This quiz has been taken 27 times
  • The average score is 4 of 23
Answer Stats
Rank ScreenName Times Taken % Correct
--- Quizmaster 196,700,000
88%
#5 Stewart 4,000,000
50%
#1 relessness 10,300,000
38%
#2 scambigol 6,300,000
35%
#4 Jerry928 5,500,000
23%
#3 Quizzer6794 5,500,000
23%
#8 Gassu 2,100,000
19%
#13 kalbahamut 1,200,000
19%
--- punkfrancais 4,000,000
19%
#7 KoljiVriVoda 3,000,000
15%
#15 skukka 1,000,000
15%
#10 WolfCam 1,500,000
15%
#9 kiwirage 2,000,000
12%
#18 SaturnPL 800,000
12%
#11 CBTemple 1,400,000
8%
#6 Gamer1162 3,800,000
8%
#17 Jiaozira 900,000
8%
--- johnnyaitch 3,200,000
8%
#14 ThirdParty 1,000,000
8%
#20 buck1017 800,000
4%
#19 kvkq 800,000
4%
#16 Geoguy 900,000
0%
#12 LBA 1,200,000
0%
No matching quizzes found
Score Distribution
Percent of People with Each Score
Percentile by Number Answered
Your Score History
You have not taken this quiz